000 00843nam a2200229Ia 4500
003 GCL
008 140319s9999 xx 000 0 ara d
020 _a5027219977
040 _aGCL /
_cGCL
082 0 4 _aق
_b953.0962
_bع و
100 1 _aعراقى يوسف محمد
245 1 0 _aالوجود العثمانى فى مصر فى القرنين السادس عشر والسابع عشر ودراسة وثائقية(ج1) /
_cعراقى يوسف محمد
250 _aالاولى
300 _a370 ص
490 _aالهيئة العامة للاستعلامات
_v0
650 0 4 _aالامبراطورية العثمانية
650 0 4 _aالعثمانيون
650 0 4 _aفتح مصر
650 0 4 _aمعركة مرج دابق
650 0 4 _aمصر - تاريخ - العصر العثمانى ( 1517-1914 م )
942 _2ddc
_cBK
999 _c52126
_d52126